| 000 | 01210cam a22003377a 4500 | ||
|---|---|---|---|
| 003 | CHAP | ||
| 005 | 20220817043627.0 | ||
| 008 | 000223d1998 ca a r 00110 spa d | ||
| 010 | _a80091 | ||
| 011 | _a81063 | ||
| 035 | _a91523 | ||
| 040 | _cCHAP | ||
| 090 | _aFolleto 15503 | ||
| 100 | 0 | 0 |
_aCredé, Andreas. _928876 |
| 245 | 1 | 4 |
_aLas sociedades de conocimiento en síntesis : _btecnología de la información para un desarrollo sustentable _c/por Andreas Credé y Robin Mansell |
| 260 |
_aOttawa, Canadá : _bCentro Internacional de Investigaciones para el Desarrollo, _c1998. |
||
| 300 |
_a55 p. : _bilus. ; gráfs. ; cuadros |
||
| 590 |
_aBATCH-UPD _b10 _c20130110 _lUCH01 _h0544 |
||
| 590 |
_aBATCH-UPD _b10 _c20130110 _lUCH01 _h2340 |
||
| 590 |
_aBATCH-UPD _b10 _c20130410 _lUCH01 _h0225 |
||
| 590 |
_aBATCH-UPD _b10 _c20130914 _lUCH01 _h1056 |
||
| 590 |
_aCONVERSION _b10 _c20130109 _lUCH01 _h1344 |
||
| 650 | 1 | 4 | _aDesarrollo sustentable. |
| 650 | 1 | 4 |
_aInnovaciones tecnológicas. _958829 |
| 650 | 1 | 4 |
_aSistemas de información. _9106760 |
| 700 | 0 |
_aMansell, Robin. _970558 |
|
| 901 | _aBK | ||
| 905 | _aGuadalupe Pinto C. | ||
| 942 | _cFOLL | ||
| 949 |
_aFolleto 15503 _bBC _cFOLL _d915231 _eTS1 _i91523 _sb |
||
| 999 |
_c80091 _d80091 |
||